| 000 | 00697nam a2200217 a 4500 | ||
|---|---|---|---|
| 005 | 20240427063709.0 | ||
| 008 | 100920s2002 mx r 000 0 spa d | ||
| 020 | _a8426130577 | ||
| 035 | _aUPN01000177779 | ||
| 049 | _aCG | ||
| 050 | 4 |
_aG470 _bU3.8 |
|
| 100 | 1 |
_aUgarte, José Luis de, _d1928- |
|
| 245 | 1 | 0 |
_aEl último desafío : _bla más dura regata de altura en solitario de todos los tiempos / _cJosé Luis de Ugarte. |
| 260 |
_aBarcelona, Esp. : _bJuventud, _c2002. |
||
| 300 |
_a149 p. : _bil. col. |
||
| 440 | 0 | _aViajes y expediciones | |
| 650 | 0 |
_aViajes y travesías _911045 |
|
| 650 | 4 |
_aVIAJES MARITIMOS _917573 |
|
| 650 | 4 |
_aViajes alrededor del mundo _917572 |
|
| 905 | _aLibro | ||
| 999 |
_c149882 _d149882 |
||